000 00614nam a2200181Ia 4500
008 090124s9999 xx 000 0 und d
082 _b35073
100 _aदेवधर ज्योत्स्ना
245 _a मूठभर माणुसकी
250 _a1
260 _bनवचैतन्य प्रकाशन
_c1998
300 _a168
600 _aदेवधर ज्योत्स्ना
630 _a मूठभर माणुसकी
700 _aदेवधर ज्योत्स्ना
730 _a मूठभर माणुसकी
942 _cBOOK
999 _c101022
_d101022